logo

Bir Sreshtho Munshi Abdur Rouf Library
Jhenaidah Cadet College

A sport of nature / (Record no. 8137)

MARC details
000 -LEADER
fixed length control field 00670pam a2200241 a 4500
001 - CONTROL NUMBER
JCCL Control Number 8137
003 - CONTROL NUMBER IDENTIFIER
JCCL marc code BD - JhCC
005 - DATE AND TIME OF LATEST TRANSACTION
control field 20180218200739.0
008 - FIXED-LENGTH DATA ELEMENTS--GENERAL INFORMATION
fixed length control field 121102s2013 enk 000 1 eng d
020 ## - INTERNATIONAL STANDARD BOOK NUMBER
International Standard Book Number 9781408840481 (pbk.) :
Terms of availability £7.99
035 ## - SYSTEM CONTROL NUMBER
system control number (BD - JhCC)8137
040 ## - CATALOGING SOURCE
Original cataloging agency StDuBDS
Transcribing agency StDuBDS
Modifying agency Uk
-- BD - JhCC
041 ## - LANGUAGE CODE
Language code of Book eng
082 04 - DEWEY DECIMAL CLASSIFICATION NUMBER
Classification number 823.914
DDC Edition number 23
Author mark and Year GOR 2013
100 1# - MAIN ENTRY--PERSONAL NAME
Personal name Gordimer, Nadine.
245 12 - TITLE STATEMENT
Title A sport of nature /
Statement of responsibility, etc Nadine Gordimer.
260 ## - PUBLICATION, DISTRIBUTION, ETC. (IMPRINT)
Place of publication, distribution, etc London :
Name of publisher, distributor, etc Bloomsbury,
Date of publication, distribution, etc 2013.
300 ## - PHYSICAL DESCRIPTION
Pagination 432 pages ;
Dimensions 20 cm
500 ## - GENERAL NOTE
General note Formerly CIP.
Institution to which field applies Uk
651 #0 - SUBJECT ADDED ENTRY--GEOGRAPHIC NAME
Geographic name South Africa
General subdivision Social conditions
Form subdivision Fiction.
942 ## - ADDED ENTRY ELEMENTS (KOHA)
Source of classification or shelving scheme Dewey Decimal Classification
Koha item type Books
Holdings
Source of classification or shelving scheme Damaged status Not for loan Home library Current library Shelving location Total Checkouts Full call number Barcode Date last seen Copy number Koha item type
Dewey Decimal Classification     JCC Rouf Library JCC Rouf Library General Stacks   823.914 GOR 2013 10717 02/18/2018 C - 1 Books

JCC Library | Contacts | JCC Home

Last Update on 23 September 2017
Copyright @ 2017-2020 JCC Rouf Library
Rouf Library, Jhenidah Cadet College (JCC), Bangladesh